Planning and control of maintenance systems : (Record no. 8060)
[ view plain ]
| 000 -LEADER | |
|---|---|
| fixed length control field | 01257nac a22002771u 4500 |
| 010 ## - LIBRARY OF CONGRESS CONTROL NUMBER | |
| LC control number | 98013431 |
| 020 ## - INTERNATIONAL STANDARD BOOK NUMBER | |
| International Standard Book Number | 0471179817 (cloth : alk. paper) |
| 082 00 - DEWEY DECIMAL CLASSIFICATION NUMBER | |
| Classification number | 658.202 |
| Item number | DUF |
| 090 ## - LOCALLY ASSIGNED LC-TYPE CALL NUMBER (OCLC); LOCAL CALL NUMBER (OCLC) | |
| -- | 8060 |
| -- | 8060 |
| 100 ## - MAIN ENTRY--PERSONAL NAME | |
| Personal name | Duffuaa, S. |
| 245 10 - TITLE STATEMENT | |
| Title | Planning and control of maintenance systems : |
| Remainder of title | modeling and analysis / |
| Statement of responsibility, etc | Salih O. Duffuaa, A. Raouf, John Dixon Campbell. |
| 260 ## - PUBLICATION, DISTRIBUTION, ETC. (IMPRINT) | |
| Place of publication, distribution, etc | New York : |
| Name of publisher, distributor, etc | Wiley,c1999. |
| Date of publication, distribution, etc | c1999. |
| 300 ## - PHYSICAL DESCRIPTION | |
| Extent | xxiv, 371 p. : |
| Other physical details | ill. ; |
| Dimensions | 25 cm. |
| 500 ## - GENERAL NOTE | |
| General note | Distributer: Al-Ahram. |
| 504 ## - BIBLIOGRAPHY, ETC. NOTE | |
| Bibliography, etc | Includes bibliographical references and index. |
| 511 ## - PARTICIPANT OR PERFORMER NOTE | |
| Participant or performer note | Catalogued By: Mahitab. |
| 650 #0 - SUBJECT ADDED ENTRY--TOPICAL TERM | |
| Topical term or geographic name as entry element | Plant maintenance |
| General subdivision | Management. |
| 650 #0 - SUBJECT ADDED ENTRY--TOPICAL TERM | |
| Topical term or geographic name as entry element | Plant maintenance |
| General subdivision | Planning. |
| 700 1# - ADDED ENTRY--PERSONAL NAME | |
| Personal name | Raouf, A. |
| Fuller form of name | (Abdul), |
| Dates associated with a name | 1929- |
| 700 1# - ADDED ENTRY--PERSONAL NAME | |
| Personal name | Campbell, John Dixon. |
| 856 42 - ELECTRONIC LOCATION AND ACCESS | |
| Materials specified | Contributor biographical information |
| Uniform Resource Identifier | <a href="http://www.loc.gov/catdir/bios/wiley041/98013431.html">http://www.loc.gov/catdir/bios/wiley041/98013431.html</a> |
| 856 42 - ELECTRONIC LOCATION AND ACCESS | |
| Materials specified | Publisher description |
| Uniform Resource Identifier | <a href="http://www.loc.gov/catdir/description/wiley032/98013431.html">http://www.loc.gov/catdir/description/wiley032/98013431.html</a> |
| 856 42 - ELECTRONIC LOCATION AND ACCESS | |
| Materials specified | Table of Contents |
| Uniform Resource Identifier | <a href="http://www.loc.gov/catdir/toc/onix03/98013431.html">http://www.loc.gov/catdir/toc/onix03/98013431.html</a> |
| 942 ## - ADDED ENTRY ELEMENTS (KOHA) | |
| Item type | Book - Borrowing |
| Call number prefix | 658.202DUF |
| Withdrawn status | Item status | Damaged status | Not for loan | Home library | Current library | Shelving location | Date acquired | Source of acquisition | Total Checkouts | Total Renewals | Full call number | Barcode | Date last seen | Date last borrowed | Koha item type |
|---|---|---|---|---|---|---|---|---|---|---|---|---|---|---|---|
| Central Library | Central Library | First floor | 20/02/2008 | Purchase | 5 | 3 | 658.202DUF | 000010021 | 15/07/2025 | 17/12/2012 | Book - Borrowing |